Loading...
Fine Arts - Classical Music | 0 | 3 | 0 | 0 | 30 | 50 | 96.67 | 1 | 2 |
Science - Biology | 0 | 3 | 1 | 1 | 25 | 98 | 111.00 | 0 | 1 |
Literature - European Literature | 0 | 3 | 1 | 2 | 25 | 108 | 125.67 | 0 | 2 |
Literature - World Literature | 0 | 2 | 0 | 0 | 20 | 104 | 114.00 | 0 | 0 |
Other | 0 | 1 | 0 | 0 | 10 | 86 | 86.00 | 0 | 0 |
Literature - American Literature | 0 | 1 | 0 | 0 | 10 | 137 | 137.00 | 0 | 1 |
Mythology | 0 | 1 | 0 | 0 | 10 | 130 | 130.00 | 0 | 0 |
Religion | 0 | 1 | 0 | 0 | 10 | 126 | 126.00 | 0 | 0 |
Science - Chemistry | 0 | 1 | 0 | 0 | 10 | 130 | 130.00 | 0 | 0 |
Science - Other Science | 0 | 1 | 0 | 1 | 10 | 138 | 138.00 | 0 | 0 |
Philosophy | 0 | 1 | 1 | 0 | 5 | 130 | 130.00 | 0 | 1 |
Social Science | 0 | 1 | 1 | 0 | 5 | 124 | 124.00 | 0 | 0 |
Fine Arts - Other Fine Arts | 0 | 0 | 1 | 0 | -5 | 0.00 | 0 | 0 |